000 01277nam a22003497i 4500
003 URS
005 20230817141039.0
008 180529b xxu||||| |||| 00| 0 eng d
020 _a9781419540493 (hbk.)
020 _a1419540491 (hbk.)
040 _aDLC
_erda
_cDLC
_dURS
_beng
050 0 0 _aHG179.5
_b.P4321 2005
245 0 0 _aPersonal financial planning :
_btheory and practice /
_cMichael A. Dalton, ... [and four others].
264 1 _aLouisiana :
_bDF Institute, Inc,
_c[date of publication not identified].
264 4 _c©2005
300 _axxiii, 916 pages :
_billustrations ;
_c27 cm
336 _2rdacontent
_atext
336 _2rdacontent
_astill image
337 _2rdamedia
_aunmediated
338 _2rdacarrier
_avolume
500 _a"4th ed. changes"--P. vii.
500 _aIncludes index.
524 _aDalton, M. A., Dalton, J. F. Cangelosi, R. R., Guttery, R. S.,& Wasserman, S. A. (2005). Personal financial planning theory and practice. Louisiana: DF Institute.
650 0 _aFinancial planners.
650 0 _aFinance, Personal.
700 1 _aDalton, Michael A.
_eauthor
700 1 _aDalton, James F.
_eauthor
700 1 _aCangelosi, Randal R.
_eauthor
700 1 _aGuttery, Randall S.
700 1 _aWasserman, Scott A.
942 _2lcc
_cFR
999 _c72561
_d72560